Формовочные материалы: учебное пособие

Библиографические подробности
Главный автор: Мамина Л. И. Людмила Ивановна
Автор-организация: Сибирский федеральный университет (СФУ)
Другие авторы: Кулаков Б. А. Борис Алексеевич
Примечания:В пособии рассмотрены исходные материалы для приготовления формовочных и стержневых смесей, а также покрытий различного назначения. Даны рекомендации по выбору наполнителей, связующих и специальных добавок с учетом совместимости компонентов и рода металла. Описано оборудование для приготовления смесей и покрытий, изложены методы контроля их свойств. Представлены новые процессы формообразования, обеспечивающие высокое качество литых изделий. Приведены необходимые сведения по организации труда и технике безопасности на участках подготовки исходных материалов, приготовления смесей и покрытий.
Язык:русский
Опубликовано: Москва, Инфра-М, 2018
Серии:Высшее образование - Бакалавриат
Предметы:
Формат: Книга
Запись в KOHA:https://koha.lib.tpu.ru/cgi-bin/koha/opac-detail.pl?biblionumber=336515

MARC

LEADER 00000nam0a2200000 4500
001 336515
005 20231102004848.0
010 |a 9785160132808 
010 |a 978-5-7638-2436-0 
035 |a (RuTPU)RU\TPU\book\362944 
090 |a 336515 
100 |a 20171017d2018 m y0rusy50 ca 
101 0 |a rus 
102 |a RU 
105 |a a j 001zy 
200 1 |a Формовочные материалы  |e учебное пособие  |f Л. И. Мамина, Б. А. Кулаков  |g Сибирский федеральный университет (СФУ) 
210 |a Москва  |c Инфра-М  |a Красноярск  |c Изд-во СФУ  |d 2018 
215 |a 344 с.  |c ил. 
225 1 |a Высшее образование - Бакалавриат 
320 |a Библиогр.: с. 341-343 
330 |a В пособии рассмотрены исходные материалы для приготовления формовочных и стержневых смесей, а также покрытий различного назначения. Даны рекомендации по выбору наполнителей, связующих и специальных добавок с учетом совместимости компонентов и рода металла. Описано оборудование для приготовления смесей и покрытий, изложены методы контроля их свойств. Представлены новые процессы формообразования, обеспечивающие высокое качество литых изделий. Приведены необходимые сведения по организации труда и технике безопасности на участках подготовки исходных материалов, приготовления смесей и покрытий. 
606 1 |a Формовочные материалы  |2 stltpush  |3 (RuTPU)RU\TPU\subj\72699  |9 86108 
610 1 |a активация 
610 1 |a испытания 
610 1 |a смеси 
610 1 |a свойства 
610 1 |a приготовление 
610 1 |a формовочные смеси 
610 1 |a стержневые смеси 
610 1 |a составы 
610 1 |a литье 
610 1 |a специальные виды 
610 1 |a формы 
610 1 |a стержни 
610 1 |a покрытия 
610 1 |a противопригарные покрытия 
610 1 |a оптимизация 
610 1 |a безопасность 
610 1 |a учебные пособия 
675 |a 621.742.4(075.8)  |v 4 
700 1 |a Мамина  |b Л. И.  |g Людмила Ивановна 
701 1 |a Кулаков  |b Б. А.  |g Борис Алексеевич 
712 0 2 |a Сибирский федеральный университет (СФУ)  |c (Красноярск)  |2 stltpush  |3 (RuTPU)RU\TPU\col\11098 
801 1 |a RU  |b 63413507  |c 20171017 
801 2 |a RU  |b 63413507  |c 20190604  |g RCR 
942 |c BK 
959 |a 1/20170109  |d 1  |e 1032,00  |f ЧЗТЛ:1